LEADER 01561nam 2200457 450 001 9910162716603321 005 20230807212943.0 010 $a1-61312-827-4 035 $a(CKB)3710000000865466 035 $a(MiAaPQ)EBC4096953 035 $a(EXLCZ)993710000000865466 100 $a20170116h20152015 uy 1 101 0 $aeng 135 $aurcnu|||||||| 181 $2rdacontent 182 $2rdamedia 183 $2rdacarrier 200 10$aDiary of a wimpy kid $eold school /$fby Jeff Kinney 210 1$aNew York :$cAmulet Books,$d2015. 210 4$dİ2015 215 $a1 online resource (227 pages) $cillustrations 311 $a1-4197-1701-4 330 $a"Life was better in the old days. Or was it? That's the question Greg Heffley is asking as his town voluntarily unplugs and goes electronics-free. But modern life has its conveniences, and Greg isn't cut out for an old-fashioned world. With tension building inside and outside the Heffley home, will Greg find a way to survive?"--$cProvided by publisher. 606 $aElectronics$vFiction 606 $aFamilies$vFiction 606 $aDiaries$vFiction 606 $aHumorous stories 615 0$aElectronics 615 0$aFamilies 615 0$aDiaries 615 0$aHumorous stories. 676 $a813.6 686 $aJUV019000$aJUV008000$2bisacsh 700 $aKinney$b Jeff$01244430 801 0$bMiAaPQ 801 1$bMiAaPQ 801 2$bMiAaPQ 906 $aBOOK 912 $a9910162716603321 996 $aDiary of a wimpy kid$92886730 997 $aUNINA LEADER 01424nas 2200409- 450 001 9910566451403321 005 20220603213024.0 011 $a2692-3963 035 $a(OCoLC)1157301558 035 $a(CKB)5700000000083917 035 $a(CONSER)--2020204409 035 $a(DE-599)ZDB3118041-3 035 $a(EXLCZ)995700000000083917 100 $a20200610a20209999 --- a 101 0 $aeng 135 $aur||||||||||| 181 $ctxt$2rdacontent 182 $cc$2rdamedia 183 $acr$2rdacarrier 200 10$aPhilosophy of medicine 210 1$aPittsburgh, PA :$cUniversity Library System, University of Pittsburgh,$d2020- 300 $a"A dedicated journal for an emerging field." 300 $aRefereed/Peer-reviewed 330 $a"Philosophy of Medicine is an open-access journal that publishes exceptional original philosophical research and perspectives on all aspects of medicine, including medical research and practices." 517 1 $aPM 531 0 $aPhilos. med. 606 $aMedicine$xPhilosophy$vPeriodicals 606 $aMedicine$xPhilosophy$2fast$3(OCoLC)fst01015007 608 $aPeriodicals.$2fast 615 0$aMedicine$xPhilosophy 615 7$aMedicine$xPhilosophy. 676 $a610.1 712 02$aUniversity of Pittsburgh.$bUniversity Library System. 906 $aJOURNAL 912 $a9910566451403321 996 $aPhilosophy of Medicine$92842412 997 $aUNINA